Basic electric circuit analysis /

Đã lưu trong:
書目詳細資料
主要作者: Johnson, David E.
格式: 圖書
語言:English
出版: Englewood Cliffs, N.J. ; London : Prentice Hall, 1995.
版:5th ed.
主題:
標簽: 添加標簽
沒有標簽, 成為第一個標記此記錄!
Thư viện lưu trữ: Mạng thư viện Đại học Đà Nẵng
LEADER 00873cam a2200337 i 4500
001 000046122
003 5394
005 20030312153211.0
008 010220|1995 vm 000 eng
020 |a 0130597597 
040 |a IRC  |c IRC  |d IRC 
041 0 |a eng 
082 1 4 |a 621.3192  |b JO-D 
100 1 |a Johnson, David E. 
245 0 0 |a Basic electric circuit analysis /  |c David E. Johnson. 
250 |a 5th ed. 
260 |a Englewood Cliffs, N.J. ; London :  |b Prentice Hall,  |c 1995. 
300 |a xiv, 752p. 
630 0 4 |a Electric circuits. 
630 0 4 |a Electric circuit analysis. 
650 0 4 |a Electric circuit analysis. 
OWN |a DUT 
999 |a From the UDN01 
TYP |a Monograph 
TYP |a Printed language 
980 |a Mạng thư viện Đại học Đà Nẵng